Marvel Heroes by German Names (Simple) #5 - Statistics

General Stats
  • This quiz has been taken 12 times
  • The average score is 11 of 20
Answer Stats
German Names Answer % Correct
Herr Fantastisch Mr. Fantastic
92%
Winter Soldat Winter Soldier
92%
Falke Falcon
83%
Meduse Medusa
83%
Sturm Storm
83%
Schwarze Witwe Black Widow
75%
Kapitän(in) Wunder Captain Marvel
75%
Namor der Unterseemann/U-Bootfahrer Namor the Sub-Mariner
75%
Howard die Ente Howard the Duck
67%
Wunder Mann Wonder Man
67%
Hauptmann Britannien Captain Britain
58%
Eismann Iceman
58%
Jübiläum Jubilee
50%
Mond Ritter Moon Knight
50%
Menschliche Fackel Human Torch
33%
Eichhörnchen Mädchen Squirrel Girl
25%
Sonnefeuer Sunfire
25%
Dunkelfalke Darkhawk
8%
Fata Morgana/Luftspiegelung Mirage
8%
Roter Rumpf Red Hulk
8%
No matching quizzes found
Score Distribution
Percent of People with Each Score
Percentile by Number Answered
Your Score History
You have not taken this quiz